Spell the Marvel Character #82 - Statistics

General Stats
  • This quiz has been taken 28 times
  • The average score is 12 of 13
Answer Stats
Picture Answer % Correct
America Chavez
100%
Colossus
100%
Emma Frost
100%
Howard the Duck
100%
Iceman
100%
Red Hulk
100%
Storm
100%
Captain Marvel
89%
Scarlet Witch
89%
Wonder Man
89%
Lockheed
78%
Thena
78%
Triton
56%
No matching quizzes found
Score Distribution
Percent of People with Each Score
Percentile by Number Answered
Your Score History
You have not taken this quiz